[Event "83rd ESP-ch Women-ch 2018"]
[Site "Linares"]
[Date "2018.08.25"]
[Round "6"]
[White "Jimenez Bernal, Francisco"]
[Black "Pablos Tenrero, Raquel"]
[Result "1/2-1/2"]
[WhiteElo "2250"]
[BlackElo "2015"]
[Annotator "TA"]
[EventDate "2018.08.20"]
[PlyCount "143"]
[EventType "swiss"]
[EventCountry "ESP"]

1. d4 Nf6 2. c4 e6 3. Nf3 Bb4+ 4. Bd2 Qe7 5. g3 O-O 6. Bg2 Bxd2+ 7. Qxd2
Ne4 8. Qc2 Qb4+ 9. Nfd2 Nf6 $146 10. O-O d5 11. a3 Qe7 12. Nc3 c6 13. e4
dxe4 14. Ndxe4 e5 15. Nxf6+ Qxf6 16. dxe5 Qxe5 17. Rfe1 Qc5 18. Ne4 Qf5 19.
Qc3 Nd7 20. c5 Qe5 21. Rac1 Qxc3 22. Rxc3 Rb8 23. b4 Nf6 $16 24. Nxf6+ gxf6
25. Be4 Be6 26. Rd3 f5 27. Bf3 Kg7 28. Red1 Kf6 29. Rd6 Rg8 30. Kf1 Ke7 31.
Ke2 Rgc8 32. Ke3 Rc7 33. R1d4 Kf6 34. Kf4 Rbc8 35. Rd8 b6 36. Rxc8 Rxc8 37.
cxb6 axb6 38. Rd6 c5 39. Rxb6 cxb4 40. Rxb4 Rc2 41. h4 Rxf2 42. Ke3 Ra2 43.
a4 Bd7 44. Bd1 Ke5 45. Rd4 Bc6 46. Rc4 Bd5 47. Rc5 Ra3+ 48. Kf2 Kd4 49. Rb5
Ra2+ $17 50. Ke1 Ra1 51. Kd2 $11 Ra3 52. a5 Rxg3 53. Rb4+ Kc5 54. Ra4 $1
Bb3 55. Bxb3 Rxb3 56. a6 Rb8 57. a7 Ra8 58. Ke3 Kb6 59. Kf4 Rxa7 60. Rxa7
Kxa7 61. Kxf5 Kb7 62. Kf6 Kc7 63. h5 Kd7 64. Kxf7 h6 65. Kf6 Ke8 66. Kg7
Ke7 67. Kxh6 Kf8 68. Kh7 Kf7 69. h6 Kf8 70. Kg6 Kg8 71. h7+ Kh8 72. Kh6 $2
1/2-1/2

[Event "83rd ESP-ch Women-ch 2018"]
[Site "Linares"]
[Date "2018.08.25"]
[Round "6"]
[White "Sanchez Jerez, Emilio Miguel"]
[Black "Diaz Rodriguez, Jose Antonio"]
[Result "1/2-1/2"]
[WhiteElo "2246"]
[BlackElo "1991"]
[Annotator "TA"]
[EventDate "2018.08.20"]
[PlyCount "87"]
[EventType "swiss"]
[EventCountry "ESP"]

1. d4 Nf6 2. Bg5 Ne4 3. h4 h6 4. Bf4 d5 5. f3 Nd6 6. Nc3 c6 7. e4 e6 $1 8.
Bd3 b5 $146 9. Qe2 Nc4 10. exd5 cxd5 $2 11. O-O-O $36 Bd6 12. Bxd6 Nxd6 13.
Nxd5 Bb7 14. Nf4 Qe7 15. Bxb5+ $18 Kf8 16. Kb1 a5 17. a4 Ba6 18. c4 Bxb5
19. axb5 g6 20. g4 Nd7 21. c5 Kg7 22. cxd6 Qxd6 23. Ngh3 Rhb8 24. Rhe1 Rb6
25. d5 e5 26. Nd3 Rxb5 27. Nxe5 Rab8 28. Nc4 Qb4 29. Rd2 a4 30. Rc1 a3 31.
Nf2 Nc5 $2 32. Nd3 $1 a2+ 33. Kxa2 Qb3+ 34. Kb1 Na4 35. Qe5+ Kh7 36. h5 Ra8
37. hxg6+ fxg6 38. Qe7+ Kg8 39. Qe6+ Kg7 40. Nde5 $2 Qa2+ $1 $11 41. Kc2
Qb3+ $1 42. Kb1 Qa2+ $1 43. Kc2 Qb3+ $1 44. Kb1 1/2-1/2

[Event "83rd ESP-ch Women-ch 2018"]
[Site "Linares"]
[Date "2018.08.25"]
[Round "6"]
[White "Orantes Taboada, Francisco"]
[Black "Lopez Guerrero, Jose Miguel"]
[Result "1-0"]
[WhiteElo "2242"]
[BlackElo "2148"]
[Annotator "TA"]
[EventDate "2018.08.20"]
[PlyCount "53"]
[EventType "swiss"]
[EventCountry "ESP"]

1. e4 c5 2. c3 Nf6 3. e5 Nd5 4. Nf3 d6 5. d4 cxd4 6. cxd4 Nc6 7. Bc4 e6 8.
exd6 Bxd6 9. O-O O-O 10. Nc3 Nxc3 11. bxc3 e5 12. Ng5 h6 $146 13. Nxf7 Rxf7
14. Bxf7+ Kxf7 15. Qh5+ $1 Kg8 16. Bxh6 $1 Qf8 17. dxe5 Bxe5 18. Rfe1 Qd6
$4 19. Bf4 $1 $18 Bxf4 $2 20. Re8+ Qf8 21. Rxf8+ Kxf8 22. Re1 Ne5 23. Re4
g5 24. g3 Nf7 25. gxf4 g4 26. Qc5+ Kg7 27. Re8 1-0

[Event "83rd ESP-ch Women-ch 2018"]
[Site "Linares"]
[Date "2018.08.25"]
[Round "6"]
[White "Blazquez Gomez, Juan Carlos"]
[Black "Gonzalez Garcia, Francisco"]
[Result "1-0"]
[WhiteElo "2240"]
[BlackElo "1972"]
[Annotator "TA"]
[EventDate "2018.08.20"]
[PlyCount "95"]
[EventType "swiss"]
[EventCountry "ESP"]

1. e4 c5 2. a3 d6 3. b4 b6 4. Nc3 Nf6 5. e5 $1 dxe5 6. Qf3 e4 7. Nxe4 Nxe4
$146 8. Qxe4 $18 Qd4 9. Bb5+ Kd8 10. Qxa8 Qxa1 11. Ne2 Qe5 12. Qxa7 Qc7 13.
Qa4 e6 14. Bb2 f6 15. bxc5 Bxc5 16. O-O Ke7 17. Re1 Bd6 18. h3 Kf7 19. Nd4
Be5 20. Bc4 Bxd4 21. Bxd4 Nc6 22. Bc3 Bd7 23. Bd3 Ne7 24. Qh4 $36 h6 $2 25.
Rb1 Nd5 26. Qh5+ Kf8 27. Bb4+ Nxb4 28. Rxb4 f5 29. Qf3 Ke7 30. Qe3 Ra8 31.
Bxf5 Qc5 32. Be4 Qxe3 33. fxe3 Rxa3 34. Rxb6 Ra1+ 35. Kf2 Ra4 36. Kf3 Ra1
37. c4 Rc1 38. d3 Ba4 39. Kf4 Kf6 40. d4 g5+ 41. Kg4 Bd1+ 42. Bf3 Bxf3+ 43.
Kxf3 Rxc4 44. d5 h5 45. Rxe6+ Kf7 46. Rh6 h4 47. d6 Ke8 48. Rg6 1-0

[Event "83rd ESP-ch Women-ch 2018"]
[Site "Linares"]
[Date "2018.08.25"]
[Round "6"]
[White "Garcia Romero, Benjamin Abel"]
[Black "Gomez Sanjuan, Hector Fernando"]
[Result "0-1"]
[WhiteElo "2230"]
[BlackElo "2146"]
[Annotator "TA"]
[EventDate "2018.08.20"]
[PlyCount "88"]
[EventType "swiss"]
[EventCountry "ESP"]

1. e4 e6 2. d4 d5 3. Nd2 Nf6 4. e5 Nfd7 5. Bd3 c5 6. c3 Nc6 7. Ne2 cxd4 8.
cxd4 f6 9. exf6 Nxf6 10. Nf3 Bd6 11. O-O O-O 12. Bf4 Bxf4 13. Nxf4 Ng4 14.
g3 g5 15. Ng2 Qf6 16. Be2 Qh6 17. h4 gxh4 18. Ngxh4 Bd7 19. Nh2 $146 Nxh2
$15 20. Kxh2 Rf4 21. Kg2 Rxd4 $17 22. Qc1 Qxc1 $1 23. Raxc1 Rd2 24. Bd1
Rxb2 25. Nf3 Rf8 26. Rc2 Rxc2 27. Bxc2 Rxf3 $1 28. Kxf3 $19 Nd4+ 29. Kf4
Nxc2 30. Rc1 Ba4 31. Ke5 d4 32. Rd1 Nb4 33. Rd2 d3 34. Kxe6 Bc2 35. f4 Nxa2
36. f5 Nb4 37. f6 Bb3+ 38. Ke7 a5 39. Rf2 Nc6+ 40. Ke8 Bf7+ 41. Kd7 a4 42.
Rf4 d2 43. Rf1 Bb3 44. Ke8 Ne5 0-1

[Event "83rd ESP-ch Women-ch 2018"]
[Site "Linares"]
[Date "2018.08.25"]
[Round "6"]
[White "Rodriguez Perez, Angel Mariano"]
[Black "Cesar Maestre, Bernardo"]
[Result "1-0"]
[WhiteElo "2223"]
[BlackElo "1861"]
[Annotator "TA"]
[EventDate "2018.08.20"]
[PlyCount "75"]
[EventType "swiss"]
[EventCountry "ESP"]

1. e4 c5 2. Nf3 d6 3. d4 cxd4 4. Nxd4 Nf6 5. Nc3 a6 6. Bg5 e6 7. f4 Be7 8.
Qf3 Nbd7 9. O-O-O Qc7 10. g4 b5 11. a3 Rb8 12. Bxf6 Bxf6 13. g5 Bxd4 14.
Rxd4 Nc5 $146 15. f5 Nd7 16. Qd1 Rb6 $14 17. h4 Ne5 18. f6 gxf6 19. gxf6
Bd7 20. Rh2 Rg8 $11 21. Rg2 Rxg2 22. Bxg2 Kd8 23. Qd2 Qc5 24. Ne2 Nc4 25.
Qg5 $1 $15 Qxg5+ 26. hxg5 $11 Kc7 27. e5 Nxe5 28. Rh4 Rb8 29. Rxh7 Rg8 30.
Rg7 Rh8 31. Nf4 Rh4 $2 32. Nd3 $18 Nxd3+ $2 33. cxd3 Rg4 34. Bf3 Rg1+ 35.
Kd2 Kd8 36. Rg8+ Kc7 37. g6 $1 Be8 38. gxf7 1-0

[Event "83rd ESP-ch Women-ch 2018"]
[Site "Linares"]
[Date "2018.08.25"]
[Round "6"]
[White "Sanchez Vigon, David"]
[Black "Bernabeu Lopez, Carlos Javier"]
[Result "0-1"]
[WhiteElo "2220"]
[BlackElo "2360"]
[Annotator "TA"]
[EventDate "2018.08.20"]
[PlyCount "114"]
[EventType "swiss"]
[EventCountry "ESP"]

1. d4 Nf6 2. Nf3 g6 3. Bg5 Bg7 4. Nbd2 d5 5. e3 O-O 6. c3 c6 7. Be2 Nbd7 8.
O-O h6 9. Bh4 g5 10. Bg3 Nh5 11. c4 Nxg3 12. hxg3 e6 $146 13. cxd5 exd5 14.
Bd3 Qe7 15. Qc2 c5 16. dxc5 Nxc5 17. Bh7+ Kh8 18. Nd4 b6 19. Bf5 Ne6 20.
N2f3 Nxd4 21. Nxd4 Bxd4 22. exd4 Qf6 23. Bxc8 Rfxc8 24. Qd3 Rc4 25. Rad1
Rac8 26. Rd2 Kg7 27. Rfd1 Qg6 28. Qxg6+ Kxg6 $15 29. Kf1 Kf5 30. f3 h5 31.
Ke2 Rc1 32. Rxc1 Rxc1 $17 33. Ke3 f6 34. Re2 b5 35. a3 a5 36. Rd2 a4 37.
Re2 b4 $1 38. axb4 Rc4 $1 39. Rd2 Rxb4 $19 40. Kf2 Rb3 41. Kg1 h4 42. Kh2
hxg3+ $1 43. Kxg3 g4 44. Rc2 $17 gxf3 45. gxf3 Rd3 46. Rc5 $15 Rxd4 47. Rb5
$1 Ke5 48. b3 $1 axb3 49. Rxb3 Ra4 50. Re3+ Kf5 51. Re8 Ra6 52. Rd8 Ke5 53.
f4+ $2 Ke4 $19 54. Kg4 d4 $2 55. Re8+ $11 Kd5 56. Kf5 $2 d3 57. Re1 Kd4 0-1

[Event "83rd ESP-ch Women-ch 2018"]
[Site "Linares"]
[Date "2018.08.25"]
[Round "6"]
[White "Kolotilina, Liudmila"]
[Black "Sanchez Aller, Fernando"]
[Result "1-0"]
[WhiteElo "2216"]
[BlackElo "2345"]
[Annotator "TA"]
[EventDate "2018.08.20"]
[PlyCount "135"]
[EventType "swiss"]
[EventCountry "ESP"]

1. e4 e5 2. Nf3 Nc6 3. d4 exd4 4. Nxd4 Bc5 5. Nxc6 bxc6 6. Bd3 Qh4 7. Qe2
Nf6 8. Be3 Bxe3 9. Qxe3 O-O 10. O-O Re8 11. Nd2 d6 12. Qg3 Qxg3 13. hxg3
Rb8 14. b3 Nd7 $146 15. Rfe1 c5 16. a4 Ne5 17. Bb5 Re7 18. Rad1 a6 19. Be2
Nc6 20. Bc4 Bb7 21. f3 a5 22. Bd5 Nb4 23. Bxb7 Rxb7 24. Rc1 Kf8 25. Nc4 Ra7
26. Kf2 Rd7 27. Re2 Nc6 28. Rh1 Nd4 29. Rd2 Kg8 30. Rh5 Rd8 31. Ne3 Rb7 $11
32. Rd1 h6 33. g4 f6 34. Rd2 Nc6 35. Nc4 Ra8 36. Rd1 Ne5 37. Nxe5 fxe5 38.
g5 hxg5 39. Rdh1 Kf7 40. Rxg5 Rb4 41. Rh7 Rg8 42. Rf5+ Ke6 43. Rg5 c4 44.
Rgxg7 Rxg7 45. Rxg7 c5 46. Ra7 c3 47. g4 Rd4 48. Rxa5 $16 Rd2+ 49. Ke3 Rxc2
$11 50. Kd3 Rf2 51. Kxc3 Rxf3+ 52. Kc2 Re3 53. Ra8 Rxe4 54. Rg8 Kf7 55. Rd8
Ke7 56. Rg8 Re2+ 57. Kb1 e4 58. a5 Rh2 59. a6 Rh1+ $2 60. Kb2 $18 Rh2+ 61.
Kb1 Rh1+ 62. Ka2 Rh2+ 63. Ka3 Rh1 64. a7 $1 e3 65. a8=Q Ra1+ 66. Kb2 Rxa8
67. Rxa8 d5 68. Kc2 1-0

[Event "83rd ESP-ch Women-ch 2018"]
[Site "Linares"]
[Date "2018.08.25"]
[Round "6"]
[White "Garcia Vicente, Nieves"]
[Black "Alshameary Puente, Ismael"]
[Result "0-1"]
[WhiteElo "2181"]
[BlackElo "2343"]
[Annotator "TA"]
[EventDate "2018.08.20"]
[PlyCount "136"]
[EventType "swiss"]
[EventCountry "ESP"]

1. d4 Nf6 2. c4 e6 3. Nc3 Bb4 4. e3 O-O 5. Bd3 d5 6. a3 Bxc3+ 7. bxc3 c5 8.
Nf3 dxc4 9. Bxc4 Qc7 10. Ba2 b6 11. O-O Bb7 12. h3 Nbd7 13. Bb2 Rfd8 14.
Qe2 Rac8 15. Rac1 Ne4 $146 16. Rfd1 c4 17. Ne1 e5 18. a4 a6 19. Bb1 Re8 20.
f3 Ng3 21. Qf2 e4 $1 $36 22. f4 Nf5 23. g4 Ne7 $1 24. Ng2 Bc6 25. Re1 Nd5
26. Bc2 Ra8 27. Ra1 g6 28. Qd2 N7f6 29. Ba3 Qd7 $1 $17 30. Bb2 h5 31. g5
Nh7 32. Kh2 Nf8 33. Qe2 b5 $1 34. axb5 axb5 35. Rxa8 Bxa8 36. Ra1 Bc6 37.
Qe1 Ne6 38. Ra6 Bb7 39. Ra7 Nd8 $1 40. Ra1 Nc6 41. Bd1 Bc8 $19 42. Qg3 Nce7
43. Nh4 Qb7 44. Qe1 Bf5 45. Ng2 Rb8 46. Be2 Nc6 47. Bf1 Ra8 48. Ra3 Rxa3
49. Bxa3 Qa6 50. Qc1 Na5 51. Qb2 $2 Nb3 52. Bc5 Qc8 53. h4 Qa6 54. Be2 Qa5
55. Bb4 Nxb4 56. cxb4 Qxb4 57. Bd1 Bg4 $2 58. Bxg4 hxg4 59. Qc2 Qe7 60. Kg3
Qe6 61. Qc3 Qb6 $2 62. Qb4 $1 $11 Qc6 63. Ne1 Nc1 $17 64. Nc2 $2 Nd3 $2 65.
Qe7 $15 Qa8 66. Na3 $2 c3 $2 67. Nxb5 $2 c2 68. Nd6 $19 Qf8 0-1

[Event "83rd ESP-ch Women-ch 2018"]
[Site "Linares"]
[Date "2018.08.25"]
[Round "6"]
[White "Garcia Garcia, Adrian Antonio"]
[Black "Alvarez Morales, Miguel"]
[Result "1/2-1/2"]
[WhiteElo "2179"]
[BlackElo "1955"]
[Annotator "TA"]
[EventDate "2018.08.20"]
[PlyCount "79"]
[EventType "swiss"]
[EventCountry "ESP"]

1. e4 Nf6 2. e5 Nd5 3. Nf3 d6 4. exd6 exd6 5. d4 Nc6 6. c4 Nb6 7. h3 Be7 8.
Bd3 O-O 9. O-O Bf6 10. Nc3 Nb4 11. Bb1 c5 12. d5 $16 g6 $146 13. a3 Na6 14.
Bd3 Bg7 15. Bf4 Re8 16. Qd2 Nc7 17. Rae1 Rxe1 18. Rxe1 Ne8 19. Nb5 a6 20.
Qe2 Bf5 $14 21. Qxe8+ Qxe8 $11 22. Rxe8+ Rxe8 23. Nxd6 Bxd3 24. Nxe8 Bxc4
25. d6 Bxb2 $17 26. Be5 Bxe5 27. Nxe5 Bb5 28. d7 $1 Nxd7 29. Nxd7 f5 30. g4
fxg4 31. hxg4 c4 32. Kf1 h5 33. g5 $2 Kf7 $2 34. Nd6+ $15 Ke6 35. Nxb5 Kxd7
$2 36. Nd4 $1 $16 Kd6 37. f4 $1 b5 38. Ke2 h4 39. Kf3 h3 40. Ke4 $2 1/2-1/2

[Event "83rd ESP-ch Women-ch 2018"]
[Site "Linares"]
[Date "2018.08.25"]
[Round "6"]
[White "Romero Romero, Sebastian"]
[Black "Burgos Olmos, Mario"]
[Result "1-0"]
[WhiteElo "2171"]
[BlackElo "1916"]
[Annotator "TA"]
[EventDate "2018.08.20"]
[PlyCount "55"]
[EventType "swiss"]
[EventCountry "ESP"]

1. e4 b6 2. d4 Bb7 3. Bd3 e6 4. Ne2 g6 5. Be3 Bg7 6. Nbc3 Ne7 7. Qd2 h6 8.
h4 d6 $146 9. h5 g5 10. O-O-O Nbc6 11. d5 $36 exd5 12. exd5 Ne5 13. Bb5+
Kf8 14. f4 a6 15. Bd3 $1 Nxd3+ 16. Qxd3 $18 g4 17. Ng3 Bc8 18. Bd4 f5 19.
Nce2 Bd7 20. Rhe1 Kf7 21. Bxg7 Kxg7 22. Nd4 Kf6 23. Re6+ Bxe6 24. dxe6 Qf8
25. Ngxf5 Nxf5 26. Qxf5+ Ke7 27. Nc6+ Ke8 28. Qg6+ 1-0

[Event "83rd ESP-ch Women-ch 2018"]
[Site "Linares"]
[Date "2018.08.25"]
[Round "6"]
[White "Roldan Marques, Daniel"]
[Black "Moral Garcia, Serafin"]
[Result "1/2-1/2"]
[WhiteElo "2161"]
[BlackElo "2287"]
[Annotator "TA"]
[EventDate "2018.08.20"]
[PlyCount "83"]
[EventType "swiss"]
[EventCountry "ESP"]

1. d4 Nf6 2. c4 c5 3. d5 e6 4. Nc3 exd5 5. cxd5 d6 6. Nf3 g6 7. Bf4 a6 8.
a4 Bg7 9. h3 O-O 10. e3 Qe7 11. Be2 Nbd7 12. O-O Ne8 13. Nd2 f5 14. Bh2 Rb8
15. Nc4 Ne5 16. Nb6 Nf6 17. Re1 Nfd7 $146 18. Qb3 Nxb6 19. Qxb6 Qd8 20.
Qxd8 Rxd8 21. Nb1 Bd7 22. a5 Bb5 $36 23. Bxb5 axb5 $15 24. Bxe5 $1 Bxe5 25.
Ra3 Ra8 $17 26. Nd2 Ra6 27. Rb1 b4 $19 28. Raa1 Rda8 $1 29. Nc4 Bf6 30. Nb6
Re8 $2 31. Nc4 Bd8 32. b3 $15 Bf6 33. Ra4 $1 f4 34. Re1 fxe3 35. Rxe3 Kf7
36. Rxe8 Kxe8 $14 37. Kf1 Kd7 38. Nb6+ Ke8 39. Ke2 Bd8 40. Nc4 Kd7 41. Kd3
Bc7 42. Ke4 1/2-1/2

[Event "83rd ESP-ch Women-ch 2018"]
[Site "Linares"]
[Date "2018.08.25"]
[Round "6"]
[White "Lopez Varela, Pablo"]
[Black "Ladron De Guevara Pinto, Paolo"]
[Result "0-1"]
[WhiteElo "2100"]
[BlackElo "2424"]
[Annotator "TA"]
[EventDate "2018.08.20"]
[PlyCount "84"]
[EventType "swiss"]
[EventCountry "ESP"]

1. e4 e5 2. Nf3 Nc6 3. Bb5 a6 4. Ba4 g6 5. d4 exd4 6. c3 Bg7 7. cxd4 b5 8.
Bb3 Na5 9. Bc2 Ne7 10. O-O O-O 11. Nc3 d6 12. h3 Bb7 13. b3 c5 $11 14. Ne2
Rc8 15. Be3 c4 $146 16. b4 Nac6 $15 17. Rb1 d5 $1 18. e5 $1 a5 19. a3 axb4
20. axb4 f6 21. exf6 Rxf6 22. Bg5 Rf7 23. Qd2 Qf8 $2 24. Nf4 $1 $16 Nd8 25.
Ne5 Bxe5 26. dxe5 Rxf4 $1 27. Bxf4 Ne6 28. Bh6 Qf7 29. Be3 $2 d4 $1 $17 30.
Bh6 d3 31. Bd1 Nf5 32. Be3 Qd7 33. Rc1 h5 34. Rc3 Qc7 35. Bf4 Rf8 36. Bh2
$2 Qd8 $19 37. Ra3 Rf7 38. Kh1 Qd4 $40 39. Qc3 $2 Qxc3 40. Rxc3 Ne3 $1 41.
Re1 Nxg2 42. Rg1 Rxf2 0-1

[Event "83rd ESP-ch Women-ch 2018"]
[Site "Linares"]
[Date "2018.08.25"]
[Round "6"]
[White "Arroyo Rodriguez, Jesus"]
[Black "Balbuena Fuentes, Mario"]
[Result "1/2-1/2"]
[WhiteElo "2099"]
[BlackElo "2306"]
[Annotator "TA"]
[EventDate "2018.08.20"]
[PlyCount "59"]
[EventType "swiss"]
[EventCountry "ESP"]

1. Nf3 c5 2. e4 d6 3. d4 cxd4 4. Nxd4 Nf6 5. Nc3 g6 6. Be3 Bg7 7. f3 O-O 8.
Qd2 Nc6 9. O-O-O d5 10. Kb1 Nxd4 11. e5 Nf5 12. exf6 exf6 13. Bc5 d4 14.
Bxf8 Qxf8 15. Nb5 Ne3 16. Rc1 Bh6 17. Qxd4 Nf5 18. Qxf6 Be6 $1 19. Nc7 $146
Bxa2+ 20. Kxa2 Bg7 $1 21. Qg5 Bxb2 $1 22. Kxb2 Qb4+ 23. Ka2 Qa4+ 24. Kb2
Qb4+ 25. Ka2 Qa4+ 26. Kb2 Qb4+ 27. Ka2 Qa4+ 28. Kb2 Qb4+ 29. Ka2 Qa4+ 30.
Kb2 1/2-1/2

[Event "83rd ESP-ch Women-ch 2018"]
[Site "Linares"]
[Date "2018.08.25"]
[Round "6"]
[White "Gil Quilez, Sonia"]
[Black "Tudela Corbalan, Carlos"]
[Result "0-1"]
[WhiteElo "2066"]
[BlackElo "2246"]
[Annotator "TA"]
[EventDate "2018.08.20"]
[PlyCount "92"]
[EventType "swiss"]
[EventCountry "ESP"]

1. d4 g6 2. Nf3 Bg7 3. c4 d6 4. Nc3 Nd7 5. e4 e5 6. d5 Ne7 7. Be2 O-O 8.
O-O f5 9. Ne1 Nf6 10. exf5 Nxf5 $146 11. Nc2 c5 12. dxc6 bxc6 13. Bf3 Bb7
14. Re1 Qc7 15. Ne4 Nxe4 16. Bxe4 Rad8 17. Bg5 Rd7 18. g4 d5 19. Bg2 Nh6
20. Qe2 Nf7 21. Bh4 e4 22. Bg3 Qb6 23. Rab1 Ng5 24. cxd5 $2 cxd5 $19 25.
Kh1 Nf3 26. Bxf3 $2 Rxf3 27. b4 d4 28. Qc4+ Bd5 29. Qc5 Rc3 30. Qxb6 axb6
31. Na1 Ra7 32. Nb3 Rxa2 33. Nc1 Rd2 34. Kg1 e3 35. fxe3 dxe3 36. Ne2 Rcc2
37. Nf4 Bf3 38. Rbc1 Rg2+ 39. Nxg2 Rxg2+ 40. Kf1 e2+ 41. Rxe2 Rxe2 42. Rc8+
Kf7 43. h3 Re7 44. Bf2 Be2+ 45. Kg2 b5 46. Bc5 Rd7 0-1

[Event "83rd ESP-ch Women-ch 2018"]
[Site "Linares"]
[Date "2018.08.25"]
[Round "6"]
[White "Perez Perez, Gabriel"]
[Black "Vazquez Pino, Miguel A"]
[Result "1-0"]
[WhiteElo "2058"]
[BlackElo "1909"]
[TimeControl "5400+30"]
[Annotator "NA RC"]
[EventDate "2018.08.20"]
[PlyCount "147"]
[EventType "swiss"]
[EventCountry "ESP"]

1. e4 e6 2. d4 d5 3. Nd2 Nc6 4. Ngf3 Nf6 5. e5 Nd7 6. Nb3 a5 7. a4 f6 8.
Bb5 fxe5 9. dxe5 Be7 10. Nbd4 Ndb8 11. Ng5 Bxg5 12. Qh5+ g6 13. Qxg5 Qxg5
14. Bxg5 O-O 15. Nxc6 bxc6 16. Be2 Nd7 17. f4 Kg7 18. Rf1 Ba6 19. Rf3 Bxe2
20. Kxe2 h6 21. Be7 Rf7 22. Ba3 c5 23. Raf1 Raf8 24. h4 h5 25. g3 Rb8 26.
Rc3 c4 27. b3 Nb6 28. Bc5 Nd7 29. Bg1 Rb4 30. Rd1 c5 31. Bf2 Rf8 32. bxc4
d4 33. Rb3 Nb6 34. Be1 Nxc4 35. Bxb4 axb4 36. a5 Ra8 37. Ra1 Rxa5 38. Rxa5
Nxa5 39. Rb1 Nc4 40. Kd3 Ne3 41. Ra1 c4+ 42. Kd2 Kf7 43. Ra7+ Kf8 44. Rb7
Nf1+ 45. Ke2 Nxg3+ 46. Kf3 d3 47. Rxb4 d2 48. Rb1 Nf5 49. c3 Nxh4+ 50. Ke4
Nf5 51. Rd1 h4 52. Rxd2 Kg7 53. Kf3 Kf7 54. Rd7+ Ke8 55. Rc7 h3 56. Rxc4
Kd7 57. Ra4 Kc6 58. Ra2 Kc5 59. Rh2 Kc4 60. Rxh3 Kxc3 61. Rh8 Kd3 62. Rd8+
Kc4 63. Kg4 Nh6+ 64. Kf3 Nf5 65. Rd6 Kc5 66. Rd1 Kc4 67. Rd8 Kc5 68. Rf8
Kd4 69. Rf6 Kd5 70. Kg4 Ke4 71. Rxe6 Ne3+ 72. Kg5 Nd5 73. Ra6 Kd4 74. Rd6
1-0

[Event "83rd ESP-ch Women-ch 2018"]
[Site "Linares"]
[Date "2018.08.25"]
[Round "6"]
[White "Vergara Anton, Diego"]
[Black "Silva Rodriguez, Fernando"]
[Result "1/2-1/2"]
[WhiteElo "2022"]
[BlackElo "2239"]
[Annotator "TA"]
[EventDate "2018.08.20"]
[PlyCount "63"]
[EventType "swiss"]
[EventCountry "ESP"]

1. d4 d5 2. Nf3 Nf6 3. g3 e6 4. c4 Bb4+ 5. Bd2 Be7 6. Bg2 O-O 7. O-O c6 8.
cxd5 exd5 9. Nc3 Bf5 10. Nh4 Be6 11. Qc2 Re8 12. Rfe1 Nbd7 13. Nf3 Bd6 $146
14. Ng5 Bg4 15. e4 h6 16. e5 hxg5 17. exd6 Nb6 18. Bxg5 Qxd6 19. h3 Bh5 20.
Qf5 Bg6 21. Qf4 Qxf4 22. Bxf4 Ne4 23. Nxe4 Bxe4 24. f3 Bg6 25. b3 Nd7 26.
Bd6 Nf8 27. Ba3 Ne6 28. Bb2 Nc7 29. Kf2 f6 30. Rxe8+ Rxe8 31. Bf1 Kf7 32.
h4 1/2-1/2

[Event "83rd ESP-ch Women-ch 2018"]
[Site "Linares"]
[Date "2018.08.25"]
[Round "6"]
[White "Perez Beltran, Salvador"]
[Black "Carretero Ortiz, Francisco"]
[Result "1/2-1/2"]
[WhiteElo "2018"]
[BlackElo "2241"]
[Annotator "TA"]
[EventDate "2018.08.20"]
[PlyCount "97"]
[EventType "swiss"]
[EventCountry "ESP"]

1. e4 d5 2. exd5 Nf6 3. Be2 Nxd5 4. d4 Bf5 5. Nf3 e6 6. O-O Nc6 7. a3 Be7
8. c4 Nf6 9. Nc3 Ne4 $146 10. Qb3 Nxd4 $11 11. Nxd4 Qxd4 12. Qxb7 O-O 13.
Be3 Qe5 14. f4 $16 Nc5 15. fxe5 Nxb7 16. Bf3 $36 Rab8 17. Nb5 Bd3 18. Rfd1
Bxc4 19. Nxa7 Bc5 20. Bxc5 Nxc5 21. Rac1 Bb3 22. Rxc5 Bxd1 23. Bxd1 Rxb2
24. Bf3 Rfb8 25. Rxc7 Ra2 26. Nb5 $1 f6 27. Rc5 f5 28. h4 $18 g6 29. Kh2 h6
30. Nd4 Rxa3 31. Nxe6 Rb4 $2 32. Kh3 Kf7 33. Nd8+ Ke8 34. Ne6 Kf7 $1 35.
Nd8+ Ke8 $1 36. Ne6 Kf7 $1 37. Nc7 $1 g5 38. e6+ $1 Kg7 $2 39. hxg5 hxg5
40. Rxf5 g4+ 41. Kg3 gxf3 42. gxf3 $2 Re3 43. Nd5 $1 Rbb3 44. e7 Re1 45.
Kf4 Rd3 46. Rg5+ Kf7 47. Rf5+ Kg7 48. Rg5+ Kf7 49. Rf5+ 1/2-1/2

[Event "83rd ESP-ch Women-ch 2018"]
[Site "Linares"]
[Date "2018.08.25"]
[Round "6"]
[White "Samuel Lares, Jairo"]
[Black "Alvarez Serrano, Carlos"]
[Result "0-1"]
[WhiteElo "2006"]
[BlackElo "2225"]
[Annotator "TA"]
[EventDate "2018.08.20"]
[PlyCount "78"]
[EventType "swiss"]
[EventCountry "ESP"]

1. d4 d5 2. Nc3 Nf6 3. Bf4 a6 4. e3 e6 5. Bd3 c5 6. dxc5 Bxc5 7. Nf3 Bd6 8.
Bg3 $146 Bxg3 9. hxg3 Nc6 10. e4 d4 11. Ne2 e5 12. c3 Bg4 13. cxd4 $1 $11
Bxf3 14. gxf3 Nxd4 15. Nxd4 Qxd4 16. Qb3 O-O 17. Rd1 Qa7 18. Bc4 b5 19. Bd5
Rad8 20. O-O Nd7 21. a3 Nc5 22. Qa2 Qe7 23. b4 Na4 24. Rc1 Rc8 25. Qd2 Nb6
26. Rxc8 Rxc8 27. Rc1 Rc7 28. Qe3 Kf8 29. Kg2 Qd6 30. Rd1 Nc4 31. Qb3 $1
$16 Qf6 32. Qa2 h5 $11 33. a4 g6 34. axb5 axb5 35. Qa8+ Kg7 36. Qb8 $2 Ne3+
$1 37. Kh3 Qxf3 38. Qxc7 Qg2+ 39. Kh4 Kh6 0-1

[Event "83rd ESP-ch Women-ch 2018"]
[Site "Linares"]
[Date "2018.08.25"]
[Round "6"]
[White "Sobrino Forte, Alvaro"]
[Black "Ucles Lirola, Moises"]
[Result "1-0"]
[WhiteElo "1984"]
[BlackElo "1858"]
[TimeControl "5400+30"]
[Annotator "NA RC"]
[EventDate "2018.08.20"]
[PlyCount "101"]
[EventType "swiss"]
[EventCountry "ESP"]

1. e4 c5 2. Nf3 d6 3. d4 cxd4 4. Nxd4 Nf6 5. Nc3 g6 6. Be3 Bg7 7. f3 O-O 8.
Qd2 Nc6 9. O-O-O d5 10. Kb1 Nxd4 11. e5 Nf5 12. exf6 exf6 13. Nxd5 Nxe3 14.
Qxe3 Be6 15. Bc4 Re8 16. Nf4 Qc7 17. Bxe6 fxe6 18. Nxe6 Qf7 19. Rhe1 Rac8
20. Qb3 Bh6 21. Nd4 Qxb3 22. Nxb3 Rxe1 23. Rxe1 Kf7 24. c3 Bf4 25. Kc2 h5
26. h3 Rc7 27. Re4 g5 28. Nd4 Rd7 29. Nb3 Rc7 30. Nc1 f5 31. Re2 Bg3 32.
Nd3 Kf6 33. b3 g4 34. hxg4 hxg4 35. c4 gxf3 36. gxf3 Rh7 37. Nb4 Bd6 38.
Nd5+ Kf7 39. b4 b6 40. Kb3 Rh1 41. Ka4 Rc1 42. Kb5 a5 43. a3 Rb1 44. Re3
Bf8 45. Re5 Kg6 46. Re6+ Kg5 47. Rxb6 axb4 48. axb4 f4 49. c5 Rb3 50. Nxf4
Bxc5 51. Ne6+ 1-0